000 00653cam a2200229 a 4500
001 479972
005 20180216081109.0
008 840828s1985 mouaf b 001 0 eng
010 _a 84018988
020 _a0801630401
040 _aDLC
_cDLC
_dDLC
041 _aeng
060 _aWY 150 E78
080 _a610.73 donn
082 0 0 _a610.73 donn
_219
100 _a4
101 _ashm
245 0 0 _aEssentials of medical-surgical nursing :
_cedited by Barbara C. Long, Wilma J. Phipps.
504 _aIncludes bibliographies and index.
906 _a7
_bcbc
_corignew
_d1
_eocip
_f19
_gy-gencatlg
942 _2ddc
_cBK
999 _c42831
_d42831